|
|
|
|
| LEADER |
00680nam a2200241 a 4500 |
| 001 |
adlib96000001 |
| 003 |
ViArRB |
| 005 |
20151026131510.0 |
| 008 |
960221s1955 dcuabcdjdbkoqu001 0deng d |
| 020 |
|
|
|a 0-631-17689-6
|
| 022 |
|
|
|
| 040 |
|
|
|a Adlib
|
| 082 |
|
|
|a 301.001.891
|
| 245 |
|
|
|a Real World Research : A Resource for Social Scientists and Practitioner-Researchers
|
| 250 |
|
|
|
| 260 |
|
|
|a Oxford
|b Blackwell Publishers
|c 1996
|
| 300 |
|
|
|a xvi, 510 p
|
| 500 |
|
|
|a
|
| 100 |
|
|
|a Robson, Colin
|
| 700 |
|
|
|
| 942 |
|
|
|c BK
|6 _
|
| 999 |
|
|
|c 29359
|d 29359
|
| 952 |
|
|
|0 0
|1 0
|4 0
|6 301001891_ROB
|7 0
|9 40984
|a UL
|b UL
|d 2010-06-16
|o 301.001.891 ROB
|p 00042777
|r 2010-06-16
|w 2010-06-16
|y BK
|